000 00639 a2200241 4500
020 _a81-259-0270-8
041 _aEng
082 _a540.7
_bK123c
100 _aKakar, Anjali
_911037
100 _aMalhotra, C. L
_911038
245 _aChemistry :
_bModel test papers with solutions fo class XII.
260 _aNew Delhi :
_bVikas Publishing House,
_c1997.
300 _a194p.
518 _a2011-01-13
530 _aM
650 _aTest papers
_911039
650 _aModel papers
_911040
650 _aGuide book
_911041
650 _aManuals
_93069
650 _aTeaching material
_911042
653 _aChemistry
942 _2ddc
_cGEN
999 _c51070
_d51066